[Event "Groningen op"]
[Site "Groningen"]
[Date "1998.12.26"]
[Round "6"]
[White "Aagaard, Jacob"]
[Black "Reinderman, Dimitri"]
[Result "1/2-1/2"]
[WhiteElo "2420"]
[BlackElo "2540"]
[Annotator "Aagaard,J"]
[PlyCount "53"]
[EventDate "1998.12.??"]
[EventType "swiss"]
[EventRounds "11"]
[EventCountry "NED"]
[SourceTitle "EXT 2001"]
[Source "ChessBase"]
[SourceDate "2000.11.22"]
[SourceVersion "1"]
[SourceVersionDate "2000.11.22"]
[SourceQuality "1"]

1. d4 Nf6 2. c4 c5 3. d5 e6 4. Nc3 exd5 5. cxd5 d6 6. e4 g6 7. f4 Bg7 8. Bb5+
Nfd7 9. a4 O-O 10. Nf3 Na6 11. O-O Nc7 12. Bd3 Re8 13. Kh1 Rb8 14. Nd2 Nf6 15.
Nc4 b6 16. Qf3 Ba6 17. Be3 Nd7 18. Rad1 $2 (18. Rae1 $1 $16) 18... Qe7 19. e5
$1 Bxc4 20. Bxc4 Bxe5 21. fxe5 Nxe5 22. Qg3 Nxc4 23. Bg5 Qf8 24. Qf4 Ne5 25.
Ne4 f5 26. Bh6 Qe7 27. Bg5 1/2-1/2

[Event "EU-ch 17th"]
[Site "Gjakova"]
[Date "2016.05.16"]
[Round "5"]
[White "Cheparinov, Ivan"]
[Black "Pantsulaia, Levan"]
[Result "1-0"]
[WhiteElo "2685"]
[BlackElo "2613"]
[Annotator "Baldauf,M"]
[PlyCount "111"]
[EventDate "2016.05.12"]
[EventType "swiss"]
[EventRounds "11"]
[EventCountry "KOS"]
[SourceTitle "CBM 173"]
[Source "ChessBase"]
[SourceDate "2016.07.12"]
[SourceVersion "1"]
[SourceVersionDate "2016.07.12"]
[SourceQuality "1"]

1. d4 Nf6 2. c4 c5 3. d5 e6 4. Nc3 exd5 5. cxd5 d6 6. e4 g6 7. f4 Bg7 8. Bb5+
Nfd7 9. Bd3 Qh4+ $5 {Schwarz gibt hier ein weiteres Tempo her um die Schwäche
g3 zu provozieren - ein riskantes Konzept, bedenkt man, dass der gesamte
Damenflügel noch nicht entwickelt ist.} 10. g3 Qd8 11. Nf3 O-O 12. O-O Nf6 (
12... a6 {dieser Einschub hilft Schwarz, da nach} 13. a4 Nf6 14. Qb3 Bh3 {
möglich ist} 15. Re1 Ng4 16. Qxb7 Nd7 $44 {und Schwarz kann von Motiven wie}
17. a5 Qe7 18. Bd2 $4 Nde5 19. Qxe7 Nxf3+ 20. Kh1 Nf2# {träumen}) 13. Qb3 Na6 (
13... a6 14. e5 $1) (13... Bh3 14. Re1 Ng4) 14. e5 Nd7 15. e6 Nb6 (15... c4 $1
{opfert einen Bauern für das Feld c5 und einen Tempogewinn - normalerweise ein
guter Tausch in solch konkreten Stellungen} 16. Bxc4 Nac5 17. Qd1 Nb6 18. Bb3
fxe6 19. dxe6 Bxe6 $13) 16. f5 $1 {Diagramm [#] ein wunderbarer Benoni-Zug:
Weiß räumt dem Lc1 die Diagonale frei und schwächt die schwarze Struktur} c4
17. Bxc4 Nc5 18. Qb4 gxf5 19. Bg5 (19. Re1 $5 {und es ist unklar, wie Schwarz
fortsetzen kann} Qf6 20. Bf4 Ne4 21. Bb3 $16) 19... Bf6 20. Bxf6 Qxf6 21. Rae1
fxe6 22. dxe6 Bxe6 23. Bxe6+ Nxe6 24. a4 $16 {Weiß hat die deutlich gesündere
Struktur, aktivere Figuren, keine Schwächen sowie den sichereren König} Nc5 25.
a5 {kämpft das Feld d5 für den Sc3 frei} Nbd7 26. Nd5 Qg7 27. Ne7+ (27. Re7 Rf7
28. Qh4 Raf8 29. Nd4 $16) 27... Kh8 28. Nh4 f4 (28... Nd3 $1 29. Nhg6+ hxg6 30.
Qh4+ Qh7 31. Nxg6+ Kg8 32. Qxh7+ Kxh7 33. Nxf8+ Nxf8 $1 $11) 29. Nhf5 Qf6 30.
Rd1 $1 {geht aus der Gabel auf d3 und attackiert den d6} fxg3 31. hxg3 Na6 32.
Qb5 Ndc5 33. Rxd6 Qe5 34. Rd5 Qf6 35. Qe2 {Cheparinov hat sich eine
Gewinnstellung herausgearbeitet - man vergleiche den Wirkungsradius der weißen
und schwarzen Figuren} Rad8 36. Ng6+ $1 {leitet in ein gewonnenes Endspiel über
} (36. Rxd8 {wäre objektiv besser gewesen, da die Engine hier bereits Matt in
12 gibt - doch wenn man eine Dame gewinnen oder Matt setzen kann, sollte man
immer die Dame nehmen - so lautet eine alte Schachweisheit} Rxd8 37. Nd5 Qe6 $8
38. Qg4 Qe5 39. Nh6 $18 Qg7 40. Nf7+ Kg8 41. Ne7+ Kf8 42. Nxd8+) 36... hxg6 37.
Qh2+ Kg8 38. Nh6+ Kg7 39. Rxf6 Rxd5 40. Rxf8 Kxf8 41. Qf2+ Ke7 42. Qf7+ Kd6 43.
Qxg6+ Kc7 44. Qf7+ Kc6 45. Qf3 Nb4 46. Nf5 Kb5 47. g4 Rd3 48. Qe2 Kxa5 49. g5
Rd5 50. Qf3 Rd3 51. Qf4 Rd1+ 52. Kh2 Nbd3 53. Qc7+ Kb4 54. g6 Rd2+ 55. Kh3 Rf2
56. g7 1-0

[Event "Rohde op 12th"]
[Site "Sautron"]
[Date "2012.10.29"]
[Round "3"]
[White "Arnaudov, Petar G"]
[Black "Oleksienko, Mikhailo"]
[Result "0-1"]
[WhiteElo "2471"]
[BlackElo "2539"]
[Annotator "Bedouin,X/Primel,D"]
[PlyCount "64"]
[EventDate "2012.10.27"]
[EventType "swiss"]
[EventRounds "9"]
[EventCountry "FRA"]
[SourceTitle "EXT 2014"]
[Source "ChessBase"]
[SourceDate "2013.11.20"]
[SourceVersion "1"]
[SourceVersionDate "2013.11.20"]
[SourceQuality "1"]
[TimeControl "40/5400+30:1800+30"]
[WhiteClock "1:30:00"]
[BlackClock "1:30:00"]

1. d4 {[%emt 0:02:21]} Nf6 {[%emt 0:00:00]} 2. c4 {[%emt 0:00:04]} c5 {[%emt 0:
00:00]} 3. d5 {[%emt 0:00:09]} e6 {[%emt 0:00:07]} 4. Nc3 {[%emt 0:00:06]} exd5
{[%emt 0:00:04]} 5. cxd5 {[%emt 0:00:07]} d6 {[%emt 0:00:07]} 6. e4 {[%emt 0:
00:04]} g6 {[%emt 0:00:15]} 7. f4 {[%emt 0:01:32]} Bg7 {[%emt 0:00:07]} 8. Bb5+
{[%emt 0:00:04]} Nfd7 {[%emt 0:00:27]} (8... Nbd7 {Peut-être sous estimé même
si la théorie a longtemps considéré que Nfd7 était indispensable} 9. e5 dxe5
10. fxe5 Nh5 11. e6 Qh4+ 12. g3 Nxg3 13. hxg3 Qxh1 14. Be3 Bxc3+ 15. bxc3 a6
16. exd7+ Bxd7 17. Bxd7+ Kxd7 18. Qb3 b5 {Sokolov,I (2665)-Topalov,V (2700)
Hoogovens Wijk aan Zee 1996 (4) 1-0}) 9. a4 {[%emt 0:00:33]} Qh4+ {[%emt 0:00:
05]} (9... O-O {La grande ligne}) 10. g3 {[%emt 0:00:10]} Qd8 {[%emt 0:00:03]}
(10... Qe7 {[%csl Re4,Re5] L'alternative}) 11. Nf3 {[%emt 0:00:27][%cal Ge4e5]}
O-O {[%emt 0:00:05]} 12. O-O {[%emt 0:00:17]} (12. Kf2 $13 Na6 {Mecking,H 
(2589)-Hungaski,R (2507) Caxias do Sul op 12th rapid 2012 (5) 1/2}) 12... Na6 {
[%emt 0:00:03]} (12... a6 13. Bd3 (13. Be2)) 13. Kg2 {[%emt 0:03:04]} (13. f5
$5 {[%csl Rc8]} Nf6 {Steingrimsson,H (2554)-Kristjansson,S (2483) ISL-ch
Egilsstadir 2011 (7) 1/2} (13... Ne5)) 13... Nc7 {[%emt 0:01:43]} 14. Bxd7 $1 {
[%emt 0:00:10] L'idée thématique est la poussée thématique f4f5 qui va gêner
le Bd7 sans craindre la réponse Ne5} (14. f5 Ne5 $11) 14... Bxd7 {[%emt 0:06:
25]} 15. f5 {[%emt 0:00:45]} gxf5 {[%emt 0:05:04]} (15... h6 $5 {Moins risqué})
16. Bg5 {[%emt 0:01:53]} (16. exf5 Bxf5 17. Nh4 Bg6 18. Nf5 $44) 16... Qc8 {
[%emt 0:07:34]} (16... Qe8 17. exf5 Bxf5 18. Qd2 $44 {[%cal Ga1e1]}) 17. Be7 {
[%emt 0:13:38]} Re8 {[%emt 0:11:31]} 18. Bxd6 {[%emt 0:00:29]} fxe4 {[%emt 0:
00:16]} 19. Ng5 $32 {[%emt 0:00:49][%csl Ra8,Rc8][%cal Gc3e4,Gg5f7]} f6 {
[%emt 0:06:40]} 20. Rxf6 $5 {[%emt 0:24:28]} (20. Ngxe4 Bh3+ 21. Kh1 Bxf1 22.
Qxf1 f5 $1 {et les Blancs n'ont pas assez de compensations (XB)} 23. Nxc5 Bxc3
$1 24. bxc3 Nxd5 25. Qc4 Qc6 26. Rd1 b6 {X BEDOUIN}) 20... Bg4 {[%emt 0:25:42]}
(20... Bxf6 21. Qh5 {[%csl Rg8]} Bh3+ $1 22. Nxh3 Qd7 {[%cal Gd7d6,Gd7h7]}) 21.
Qf1 {[%emt 0:00:56]} h6 $1 {[%emt 0:00:18] Le coup intermédiaire décisif} 22.
h3 {[%emt 0:22:22]} (22. Rg6 hxg5 23. Qf6 Bf3+ 24. Kg1 Qd7 $19) 22... Bf3+ {
[%emt 0:01:29]} 23. Nxf3 {[%emt 0:00:53]} Bxf6 {[%emt 0:00:09]} 24. Nd2 {
[%emt 0:00:45]} Bxc3 $19 {[%emt 0:03:25]} 25. bxc3 {[%emt 0:00:03]} Nxd5 {
[%emt 0:00:15]} 26. Re1 {[%emt 0:02:38]} e3 {[%emt 0:03:48]} 27. Qf3 {[%emt 0:
02:43]} Qe6 {[%emt 0:02:34]} 28. Bxc5 {[%emt 0:00:06]} Rad8 {[%emt 0:03:11]}
29. c4 {[%emt 0:02:27]} Nf4+ {[%emt 0:03:58]} 30. gxf4 {[%emt 0:02:13]} Qg6+ {
[%emt 0:01:46]} 31. Kh1 {[%emt 0:00:34]} exd2 {[%emt 0:00:19]} 32. Rxe8+ {
[%emt 0:00:16]} Qxe8 {[%emt 0:00:30]} 0-1

[Event "SWE-ch"]
[Site "Vaxjo"]
[Date "2008.06.29"]
[Round "2"]
[White "Tikkanen, Hans"]
[Black "Berg, Emanuel"]
[Result "0-1"]
[WhiteElo "2437"]
[BlackElo "2601"]
[Annotator "Berg,E"]
[PlyCount "70"]
[EventDate "2008.06.28"]
[EventType "tourn"]
[EventRounds "13"]
[EventCountry "SWE"]
[SourceTitle "CBM 125"]
[Source "ChessBase"]
[SourceDate "2008.07.30"]
[SourceVersion "1"]
[SourceVersionDate "2008.07.30"]
[SourceQuality "1"]

1. d4 Nf6 2. c4 c5 3. d5 e6 4. Nc3 exd5 5. cxd5 d6 6. e4 g6 7. f4 {Since I
started playing the Benoni last summer this was the first game in which I
faced the sharp Pawn Storm System. Well actually, I had played against it once
in a correspondence game by email in 2003, but this was my first encounter
over the board.} Bg7 8. Bb5+ Nfd7 {I think this is a forced move.} (8... Nbd7 {
leads to very complicated play, but is clearly favourable for White.}) ({and} 
8... Bd7 {also favours White.}) 9. Be2 {An interesting move with the idea to
meet ...a6 with a4.} ({After the direct} 9. a4 {Black can exploit the weakened
b4-square by playing ...Na6-b4 later on.}) 9... O-O (9... Qh4+ {is another
option in order to weaken the white kingside. However this loses some time for
Black so I decided that an extra tempo was worth more.}) 10. Nh3 $5 $146 {
A novelty. White's idea is to support e4 by Nf2 and then rush with the h-pawn
to attack the black king.} (10. Nf3 {is the normal move here.}) 10... Na6 {
Black is planning to suport the standard break ...b7-b5 by putting his knight
on c7.} 11. Nf2 Nc7 ({Here} 11... f5 {was another interesting option in order
to break in the centre before White's h-pawn starts going.}) 12. a4 {
Preventing b5 as after} (12. h4 b5 {the pawn is tactically protected by the
queen check on a5.}) 12... a6 13. h4 Rb8 14. h5 (14. a5 {trying to give Black
a weakness on a6 doesn't bother him as he is just happy to get an open b-file
after} b5 15. axb6 {and here} Nb5 $1 16. Nxb5 axb5 17. Bxb5 Qxb6 {gives Black
a lot of counterpaly for the pawn.}) 14... b5 {White does well in not opening
the a-file as it would give the square b5 for the black knight on c7.} 15. Qd3
Re8 {Black puts some pressure on the e-file and also gives a square for his
king on f8 which can be useful later on in case of an exchange on g6 followed
by Qh3.} 16. g4 $6 {White is storming with all his pawns, but now Black gets
enough time to find counterplay.} (16. hxg6 {was more critical for Black.} hxg6
({After} 16... fxg6 {Black's king is rather safe, but White has a strong pawn
centre and after} 17. O-O {I found it hard for Black to find counterplay.
Black has some activity on the queenside, but the knight on c7 doesn't have a
bright future.}) 17. f5 {with a strong attack for White. There might follow} b4
18. Ncd1 (18. fxg6 {doesn't work as after} bxc3 19. gxf7+ Kxf7 {There is no
good way to exploit the open Black king.}) 18... gxf5 19. Qg3 Qf6 20. Rh6 $1
Qe7 21. Rxd6 fxe4 22. Ng4 {and Black is under heavy pressure.}) 16... c4 17.
Qf3 $6 (17. Qh3 {right away looks better.}) 17... Nc5 18. hxg6 hxg6 19. Be3 b4
20. Ncd1 Nb3 ({An interesting aternative was} 20... c3 21. bxc3 bxc3 22. Rc1 (
22. Ra2 $2 {allows} Nxe4 $1 23. Nxe4 Nxd5 24. f5 Nxe3 25. Qxe3 (25. Nxe3 gxf5
26. gxf5 (26. Nxf5 Rb1+ 27. Kf2 (27. Bd1 d5 $19) 27... Rxh1 28. Qxh1 Qb6+ 29.
Kg3 Bxf5 30. gxf5 Qe3+ $19) 26... d5 {and White will have to give back the
piece very soon.}) 25... Bb7 26. fxg6 Rxe4 27. gxf7+ Kxf7 {and Black is
winning.}) 22... Nxa4 $15 {Black is a pawn up and the White attack isn't that
dangerous.} ({Still interesting is} 22... Nxe4 $5 23. Nxe4 Nxd5 ({or} 23...
Bxg4 24. Qxg4 Rxe4 25. Bd3 Qe7 26. Bxe4 Qxe4 27. O-O Nxd5 {with three pawns
and a strong initiative for the Rook.}) 24. f5 Nxe3 25. Nxe3 gxf5 26. Nxf5 Bxf5
27. Qxf5 (27. gxf5 Rb4 $1 28. Nxc3 Qg5 29. Rc2 Bxc3+ 30. Rxc3 Rb2 $17) 27...
Qe7 $36)) 21. Ra2 (21. Rb1 $2 {is bad in view of} c3 22. bxc3 bxc3 23. Bd3 Nxd5
$1 24. Rxb3 (24. exd5 Nd2 $19) 24... Rxb3 25. exd5 Qa5 26. Bc2 Rb2 $1 27. Nxb2
cxb2+ 28. Ke2 Qc3 29. Bd3 Bd4 30. Nd1 (30. Ne4 Bxg4 $1 31. Qxg4 Rxe4 $19) 30...
Qc1 {with a very strong initiative for Black.}) 21... c3 22. bxc3 bxc3 23. Qh3
{There are no real threats along the open h-file.} ({The immediate} 23. f5 {
trying to open up in front of the black king looks more accurate.}) 23... Rb4
$6 {Black targets the e4-pawn and plans to sacrifice an exchange. But this is
a bit slow and gives White time to get counterplay.} ({Instead Black should go
for the interesting piece sacrifice} 23... Nxd5 $1 24. exd5 Qa5 25. Kf1 Qxd5 {
with excellent compensation. Now all the black pieces will take part in the
game.}) 24. Bd3 $2 {A clear failure in time trouble. White should not worry
about protecting the e4-pawn, but go for a straight attack with} (24. Qh7+ Kf8
25. f5 {Black is under heavy pressure and must switch to defence with} g5 26.
Rh5 f6 {A very sad move to play, but after} (26... Bf6) (26... Bf6 {Whie
simply wins with} 27. Rxg5 $1 Bxg5 28. Qh8+ Ke7 29. Bxg5+ Kd7 30. Qg7 $18) 27.
Nxc3 {White is a pawn up and has the upper hand but the position is still very
complex so nothing is yet decided.}) 24... Nxd5 $5 {A good practical sacrifice
which gives Black plenty of counterplay.} 25. exd5 Nc1 26. Rc2 Nxd3+ 27. Nxd3
Rd4 $1 {With this move Black picks up the d5-pawn and then his bishop on c8
will be very strong on the diagonal a8-h1.} 28. N3f2 {This looks a bit passive,
but there is nothing wrong with it.} ({The other option was} 28. Rxc3 {which
is more active and lookx more natural. White has got rid of the c3-pawn and
Black must prove he has compensation. Of course the pair of bishops and the
open white king is something, but he has no material for the piece at the
moment.} {After} Rxd5 $2 {White has} ({Better is} 28... Rde4 {to maintain the
pressure.}) 29. f5 $1 gxf5 30. Kd2 $1 {freeing the bishop on e3 with a very
strong attack along the h-file.}) 28... Rxd5 29. Kf1 $4 {The decisive mistake.
Now Black is allowed to stop all White's hope of an attack and also to start
going with his connected passed pawns.} ({White is doing ok as after} 29. O-O
Qa5 {he has} 30. Nxc3 $1 Bxc3 31. Rfc1 {and the best Black can do is} Rh5 32.
Qf3 Bxg4 33. Nxg4 Bg7 {with two pawns for the piece and reasonable drawing
chances as White doesn't have a safe king.}) 29... Rh5 $1 {This move decides
the game.} 30. Qg2 ({The best chance would be to give up the queen} 30. gxh5
Bxh3+ 31. Rxh3 {when White has rook and two knights for the queen and two
pawns, but after} d5 {followed by ...d4 I doubt that White can hold it in the
long run.}) 30... Rxh1+ 31. Qxh1 d5 {Those two connected pawns in combination
with all Black's active pieces and the vulnerable white king doesn't leave
White with much of a chance.} 32. Qf3 ({White could give back material with} 
32. Nxc3 d4 33. Bxd4 Bxd4 {but because of his strong pair of bishops Black is
much much better, if not simply winning.}) 32... d4 33. Bc1 Qd7 34. Ra2 $4 {
loses on the spot, but practically the game was already over.} ({After} 34. Re2
Qxa4 {Black has a third pawn for the piece and White's pieces don't have much
life.}) 34... Bb7 35. Qd3 Qd5 {In view of the double threat to the rook on a2
and mate on g2 White resigned.} 0-1

[Event "Zonal Randers Final"]
[Site "Randers"]
[Date "1982.01.??"]
[Round "2"]
[White "Borik, Otto"]
[Black "Lobron, Eric"]
[Result "0-1"]
[WhiteElo "2360"]
[BlackElo "2440"]
[Annotator "Bulletin"]
[PlyCount "90"]
[EventDate "1982.01.??"]
[EventType "tourn"]
[EventRounds "7"]
[EventCountry "DEN"]
[EventCategory "8"]
[SourceTitle "MCL"]
[Source "ChessBase"]
[SourceDate "1999.07.01"]
[SourceVersion "1"]
[SourceVersionDate "1999.07.01"]
[SourceQuality "1"]

1. d4 Nf6 2. c4 e6 3. Nc3 c5 4. d5 exd5 5. cxd5 d6 6. e4 g6 7. f4 Bg7 8. Bb5+
Nfd7 (8... Nbd7 $2 9. e5) 9. a4 Na6 10. Nf3 Nb4 11. O-O a6 12. Bc4 O-O 13. h3
Qa5 14. Ra3 Qc7 15. Re1 Rb8 16. e5 Nb6 17. b3 Bf5 18. Ne4 dxe5 19. fxe5 Rbd8
20. d6 Qc6 21. Ng3 Bc2 22. Qe2 h6 23. Bd2 Nxc4 24. Qxc4 Qd5 25. Qh4 Nd3 26.
Raa1 Nxe5 27. Rxe5 Bxe5 28. Re1 Bg7 29. Bxh6 Qxd6 30. Kh2 Bxh6 31. Qxh6 Qf6 32.
Re5 b6 33. a5 Rd3 34. Nf5 Rd7 35. Ne3 Bxb3 36. axb6 Be6 37. Rxc5 Rb7 38. Rc6
Rfb8 39. Ng5 Qe5+ 40. g3 Qxe3 41. Qh7+ Kf8 42. Nxe6+ fxe6 43. Qh8+ Kf7 44. Qh7+
Kf6 45. Qh4+ Kg7 0-1

[Event "DEN-ch76 Mesterskabet"]
[Site "Naestved"]
[Date "1985.04.05"]
[Round "8"]
[White "Brinck Claussen, Bjorn"]
[Black "Pedersen, Erik"]
[Result "1-0"]
[WhiteElo "2380"]
[BlackElo "2395"]
[Annotator "ChessBase"]
[PlyCount "49"]
[EventDate "1985.03.29"]
[EventType "tourn"]
[EventRounds "11"]
[EventCountry "DEN"]
[EventCategory "4"]
[SourceTitle "MCD"]
[Source "ChessBase"]
[SourceDate "1999.07.01"]
[SourceVersion "1"]
[SourceVersionDate "1999.07.01"]
[SourceQuality "1"]

1. d4 Nf6 2. c4 e6 3. Nc3 c5 4. d5 exd5 5. cxd5 d6 6. e4 g6 7. f4 Bg7 8. Bb5+
Nfd7 9. Be2 {[#]} a6 (9... Qh4+ 10. g3 Qe7 11. Nf3 $14 Bxc3+ $2 (11... O-O) 12.
bxc3 Qxe4 13. O-O O-O 14. c4 $16) (9... O-O 10. Nf3 Re8 11. O-O Bxc3 12. bxc3
Rxe4 13. Bd3 Re8 14. c4 $16) 10. a4 $14 Qh4+ 11. g3 Qd8 (11... Qe7) 12. Nf3 O-O
13. O-O Re8 14. Nd2 Nf6 15. Bf3 Nbd7 {[#]} 16. Qb3 $14 (16. g4) 16... Rb8 (
16... c4 $1 17. Nxc4 Nc5 18. Qc2 Bh3 19. Re1 Ng4) 17. Nc4 $16 b5 18. axb5 axb5
19. Nxd6 b4 $2 (19... c4) 20. Na4 $18 Ba6 21. Nxe8 Nxe8 22. Re1 c4 23. Qd1 Bb5
24. e5 Bxa4 25. Qxa4 1-0

[Event "WchT 4th"]
[Site "Luzern"]
[Date "1997.10.25"]
[Round "1.1"]
[White "Chiburdanidze, Maia"]
[Black "Kotsur, Pavel"]
[Result "1-0"]
[WhiteElo "2525"]
[BlackElo "2500"]
[Annotator "ChessBase"]
[PlyCount "81"]
[EventDate "1997.10.25"]
[EventType "team-tourn"]
[EventRounds "9"]
[EventCountry "SUI"]
[SourceTitle "CBM 062"]
[Source "ChessBase"]
[SourceDate "1998.01.31"]
[SourceVersion "1"]
[SourceVersionDate "1998.01.31"]
[SourceQuality "1"]
[WhiteTeam "Georgia (w)"]
[BlackTeam "Kazakhstan"]
[WhiteTeamCountry "GEO"]
[BlackTeamCountry "KAZ"]

1. d4 Nf6 2. c4 c5 3. d5 e6 4. Nc3 exd5 5. cxd5 d6 6. e4 g6 7. f4 Bg7 8. Bb5+
Nfd7 9. a4 O-O 10. Nf3 Na6 11. O-O Nc7 12. Bxd7 Bxd7 13. f5 gxf5 14. Bg5 f6 15.
Bf4 Ne8 16. Qc2 fxe4 17. Nxe4 Bf5 18. Nh4 Bg6 19. Ra3 Qe7 20. Nxg6 hxg6 21. Rg3
f5 22. Ng5 Nc7 23. h4 Rfe8 24. h5 Qe2 25. Qxe2 Rxe2 26. Bxd6 Nxd5 27. Nf3 Re6
28. Rxg6 Rxg6 29. hxg6 c4 30. Be5 Re8 31. Bxg7 Kxg7 32. Nh4 f4 33. Rd1 Nf6 34.
Rc1 Ng4 35. g3 fxg3 36. Kg2 Re2+ $4 (36... Re4 $142 $15) 37. Kf3 Rxb2 38. Kxg4
g2 39. Kg5 Rf2 40. Rg1 c3 41. Nxg2 1-0

[Event "Dubai op 16th"]
[Site "Dubai"]
[Date "2014.04.14"]
[Round "8"]
[White "Edouard, Romain"]
[Black "Ismagambetov, Anuar"]
[Result "1-0"]
[WhiteElo "2670"]
[BlackElo "2493"]
[Annotator "Edouard,R"]
[PlyCount "61"]
[EventDate "2014.04.07"]
[EventType "swiss"]
[EventRounds "9"]
[EventCountry "UAE"]
[SourceTitle "CBM 160"]
[Source "ChessBase"]
[SourceDate "2014.05.15"]
[SourceVersion "1"]
[SourceVersionDate "2014.05.15"]
[SourceQuality "1"]

1. d4 Nf6 2. c4 e6 3. Nc3 c5 4. d5 exd5 5. cxd5 d6 6. e4 g6 7. f4 Bg7 8. Bb5+
Nfd7 9. Nf3 $5 {A quite fashionable line nowadays, whereas before White always
chose 9.a4.} O-O 10. O-O a6 11. Bd3 b5 12. Kh1 c4 $6 (12... Re8 {is the main
line.}) 13. Bc2 Nc5 14. f5 ({Here it is known that} 14. Be3 Nbd7 15. Bd4 {
is better for White. However, while preparing for the game it looked to me
like the "usual attack" with f5 and Bg5 was difficult for play for Black and I
decided to go for it even here.}) 14... Nbd7 15. Bg5 Bf6 16. Qd2 Ra7 $6 (16...
Ne5 {was the most natural move, and one critical game went:} 17. Bxf6 Qxf6 18.
Nxe5 Qxe5 19. Qh6 Qg7 20. Qh4 Re8 21. Rae1 g5 22. Qg3 Re5 23. Ne2 $14 {1-0 (40)
Moiseenko,A (2712)-Yilmaz,M (2557) Yerevan ARM 2014}) 17. b4 $1 Nd3 $8 (17...
cxb3 $6 {would be even worse, as} 18. axb3 {(attacking b5)} Rc7 19. b4 Bxc3 $2
{would fail to} 20. Bxd8 $18) 18. Bxf6 Qxf6 19. Bxd3 cxd3 20. Qxd3 Rc7 21. Ne2
Ne5 22. Nxe5 Qxe5 {Actually Black has quite a good setup and it is not so easy
for White to cash in on the extra pawn.} 23. Nd4 $5 (23. Ng3 {was of course
possible but I considered it too passive somehow.}) 23... Rc4 24. Rad1 (24. Nc6
$6 {was my initial idea when I went 23.Nd4 but all of a sudden I realised that}
Qxe4 25. Qg3 Bxf5 26. Rxf5 {fails to} Rxc6 $1 {and Black should hold.}) 24...
Re8 (24... Bd7 25. Qd2 $14) 25. fxg6 $2 (25. Qd2 {After taking on g6 I
regretted very much that I didn't go} Bd7 {, but it is anyway not that clear:}
26. f6 Qh5 27. Qf4 h6 $1 28. Qxd6 $140 Bg4 $132) 25... hxg6 26. Qf3 Rf8 $1 (
26... Qg7 27. a3 $14) (26... f5 $2 27. exf5 Rxd4 $2 28. fxg6 $18) 27. Nc6 {
There is nothing better to do!} Qxe4 28. Qg3 Rc2 $4 {A huge blunder.} (28...
Qg4 $1 29. Qxd6 Rc2 {would have been fine for Black.}) 29. Rd4 $1 {All of a
sudden all the black pieces have to go back and I get a winning degree of
coordination.} Qe2 30. Rdf4 $1 Rd2 $6 (30... Rc4 31. R4f2 $18) 31. Qg5 1-0